| 000 | 00405nam a2200157Ia 4500 | ||
|---|---|---|---|
| 005 | 20250516014847.0 | ||
| 008 | 240331s9999 xx 000 0 und d | ||
| 082 |
_a294 _bJAY |
||
| 100 | _aJayathilake , H.D | ||
| 245 | 0 | _aBuddha kaleena bharatheeya sirith ha piriwaji samaja | |
| 260 |
_aColombo _bS. Godake & Brothers _c1985 |
||
| 300 | _a124 p , | ||
| 650 | _aBuddhism | ||
| 650 | _aHistory | ||
| 942 | _cL | ||
| 999 |
_c893 _d893 |
||